Apollo tyres Ltd: Racing up the fast lane with Michelin technology (Record no. 54341)

MARC details
000 -LEADER
fixed length control field 00300nam a2200109Ia 4500
245 #0 - TITLE STATEMENT
Title Apollo tyres Ltd: Racing up the fast lane with Michelin technology
260 ## - PUBLICATION, DISTRIBUTION, ETC. (IMPRINT)
Name of publisher Rubber Asia
Year of publication 2004
300 ## - PHYSICAL DESCRIPTION
Number of Pages 138-143
650 ## - SUBJECT ADDED ENTRY--TOPICAL TERM
Topical Term Tyre technology
942 ## - ADDED ENTRY ELEMENTS (KOHA)
Koha item type Journals
Holdings
Withdrawn status Lost status Damaged status Not for loan Home library Current library Shelving location Date acquired Serial Enumeration / chronology Koha item type
      Journals RRII Library RRII Library Rubber general 17/12/2021 Volume 18, Issue 5 Journals